000 00612nam0a22002291 4500
001 rc\360697
005 20250621051632.0
035 _a(NLR Aleph) 005591716
090 _a6219565
_c6219565
100 _a20030307d1989 |||y0rusy50 ca
101 0 _arus
102 _aRU
105 _ay |||||||||
200 1 _aКроссворды
_fСост. В. Речкин
210 _aСаратов
_cГаз. "Коммунист"
_d1989
215 _a62, [1] с.
_d20
702 1 _aРечкин
_bВ.
_4220
801 0 _aRU
_bNLR
_gpsbo
801 1 _aRU
_bELAR
_2rusmarc
852 _aNLR
_j89-4/20022
942 _cBOOK
980 _aNB